000 00319nam a2200133Ia 4500
008 240624s9999 xx 000 0 und d
041 _aeng
082 _a658.4092 AXE
100 _aAXELROD ALAN
245 _aWINSTON CHURCHILL CEO 25 LESSONS FOR BOL
260 _c2009
_bSterling
300 _a288 p.
365 _c
_b25
999 _c31357
_d31357